LEADER 00941naa a2200217 u 4500 001 000000100505 003 CaOOAMICUS 005 20070226130203.0 008 051122s1975 it u000 u ita u 035 $a11069930 040 $aIAR$bita 100 1 $aAmbrosioni, Annamaria,$d1944-2003.$0(OLS)http://pul/name/3997 245 10$a[Recensione :] M. Mulon: Deux traités inédots d'art culinaire médiéval /$c[Annamaria Ambrosini]. 260 $a[Milano :$bVita e pensiero],$c[1975] 300 $aS. 597-600 ;$c25 cm 600 14$aMulon, Marianne$tDeux traités inédits d'art culinaire médiéval.$0(OLS)http://pul/subject/32272 730 0 $aAevum$g[Spogli].$0(OLS)http://pul/title/11692 773 0 $aAevum ;.$k49 (1975) 773 0 $tAevum$w()8026 996 $6245$a[Recensione :] M. Mulon: Deux traités inédots d'art culinaire médiéval$9(OLS)http://pul/title/127403 996 $6260$a[Milano :$bVita e pensiero]$9(OLS)http://pul/publisher/79155 LEADER 01020nam a2200253 u 4500 001 000000116676 003 CaOOAMICUS 005 20090717120530.0 008 090717s2009 it u000 u ita r 020 $z978-88-548-2489-8* 040 $aPUL$bita$dLDB 100 1 $aDoria, Piero,$d1964-$0(OLS)http://pul/name/70323 245 10$aRaccolta di studi religiosi editi ed inediti /$cPiero Doria. 260 $aRoma :$bAracne,$cc2009. 300 $a98 p. ;$c22 cm. 490 1 $aA12 ;$v251 504 $aInclude riferimenti bibliografici. 830 0$aA 12. Scienze giuridiche (Aracne) ;$v251.$0(OLS)http://pul/title/136652 850 $aPUL 852 $aPUL$W1$xSL Religione 3$y85$m261. 5 DORPI 1$j133781$qDDC 21$B132813$CPULBib$Z2$F132813 $H111056 $82 941 1 $a9 996 $6020$z978-88-548-2489-8*$9(OLS)http://pul/number/141469 996 $6245$aRaccolta di studi religiosi editi ed inediti$9(OLS)http://pul/title/146661 996 $6260$aRoma :$bAracne$9(OLS)http://pul/publisher/62189